| 000 | 00703nam a22002297a 4500 | ||
|---|---|---|---|
| 003 | OSt | ||
| 005 | 20250716162908.0 | ||
| 008 | 221027s2017 ck a|||gr|||| 00| j spa d | ||
| 020 | _a9789588533421 | ||
| 040 |
_aCO-JMCR _cCO-JMCR |
||
| 041 | 0 | _aspa | |
| 082 | 0 | 4 |
_aC _bCONc |
| 245 | 0 | 0 |
_aConstruyendo puentes / _cedición de textos, Jorge Duque Linares |
| 250 | _aSegunda edición | ||
| 260 |
_aBogotá : _bEditora Géminis, _c2017 |
||
| 300 |
_a9 páginas : _bilustraciones a blanco y negro ; _c22 cm |
||
| 490 | 0 |
_aColección colorea ; _v6 |
|
| 490 | 0 | _aActitud positiva | |
| 650 | 1 | 4 |
_aActitud (Psicología) _xcuento _942443 |
| 700 |
_aDuque Linares, Jorge, _eeditor _92509 |
||
| 942 |
_2ddc _cBK |
||
| 999 |
_c29771 _d16155 |
||